000 00797nam a22002057a 4500
999 _c62857
_d62857
003 Ge_BSU
005 20250311105311.0
008 250311s1961 ge ||||| |||| 00| 0 geo d
041 _ageo
080 _a616.34-007.253 დ-18
100 _aდამენია, ლილი
_924506
245 _aნაწლავთა ფისტულები /
_cლილი დამენია.
264 _aთბ. :
_b საბჭ. საქართველო,
_c1961.
300 _a194 გვ. :
_bილ. ;
_c 20 სმ.
490 _aექიმის ბიბლიოთეკა
504 _aბიბლიოგრ.: გვ. 181-193.
653 _aნაწლავების ფისტულები
653 _aმედიცინა
942 _2udc
_cᲬᲘᲒᲜᲘ